000
00267nam a22001217a 4500
003
SGT
082
_b
UNE
100
_a
UNESCO
245
_a
EDUCATION FOR ALL 2000-2015 ACHIVEMENTS AND CHALLENGGES
260
_a
USA
_b
UNESCO
_c
2015
300
_a
499
942
_2
ddc
_c
BK
999
_c
19987
_d
19987